000 00439nam a22001457a 4500
003 OSt
008 250108b1954 |||||||| |||| 00| 0 eng d
082 _a370.1
_bEDU-
245 _aEducation for perfection :
_bswami sivananda's address at university of roorkee /
260 _aUttarakhand :
_bThe Divine Life Society,
_c1954.
300 _a40 p. ;
650 _aMoral and Ethical Education
650 _aHolistic Education
942 _2ddc
_cBK
999 _c21192
_d21192